| 000 | 01371cam a2200409 i 4500 | ||
|---|---|---|---|
| 001 | 17843914 | ||
| 003 | Nust | ||
| 005 | 20210101095428.0 | ||
| 008 | 130807t20142014nyu b 000 j eng c | ||
| 010 | _a 2013031888 | ||
| 020 |
_a9780393925302 (pbk.) _cRs. 236 |
||
| 038 | _aArshad | ||
| 040 |
_aICU/DLC _beng _cICU _erda _dDLC |
||
| 041 | 1 |
_aeng _hrus |
|
| 042 | _apcc | ||
| 050 | 0 | 0 |
_aPG3456.A13 _bP66 2014 |
| 082 | 0 | 0 |
_a891.733 _bCHE |
| 100 | 1 |
_aChekhov, Anton , _d1996, _eauthor. _911845 |
|
| 240 | 1 | 0 |
_aShort stories. _kSelections. _lEnglish. _f1996 |
| 245 | 1 | 0 | _aAnton Chekhov's selected stories : |
| 264 | 1 |
_aNew York ; _aLondon : _bW. W. Norton & Company, _c1996 |
|
| 264 | 4 | _c1996 | |
| 300 |
_a188 pages ; _c22 cm. |
||
| 336 |
_atext _2rdacontent |
||
| 337 |
_aunmediated _2rdamedia |
||
| 338 |
_avolume _2rdacarrier |
||
| 490 | 1 | _aNorton critical edition | |
| 504 | _aIncludes bibliographical references. | ||
| 600 | 1 | 0 |
_aChekhov, Anton Pavlovich, _d1996 _xTranslations into English. _911846 |
| 600 | 1 | 0 |
_aChekhov, Anton Pavlovich, _d1996 _vCorrespondence. _911847 |
| 650 |
_aShort stories, Russian _vFiction _911848 |
||
| 650 |
_aHumorous stories, Russian _vFiction _911849 |
||
| 700 | 1 |
_d1954- _eeditor. _935552 |
|
| 906 |
_a7 _bcbc _corignew _d1 _eecip _f20 _gy-gencatlg |
||
| 942 |
_2ddc _cBK |
||
| 999 |
_c173354 _d173354 |
||